| 000 | 00612nam a2200193Ia 4500 | ||
|---|---|---|---|
| 008 | 230921s9999||||xx |||||||||||||| ||und|| | ||
| 020 | _a978-3-7091-1809-2 | ||
| 022 | _a2309-3706 | ||
| 041 | _aEN | ||
| 100 | _aHans Irschik, Alexander K. Belyaev | ||
| 245 | 0 | _aDynamics of Mechanical Systems with Variable Mass | |
| 250 | _a2014 | ||
| 260 |
_c2014 _bSpringer Vienna |
||
| 300 | _b557 | ||
| 440 | _aCISM International Centre for Mechanical Sciences | ||
| 856 | _uhttps://doi.org/10.1007/978-3-7091-1809-2 | ||
| 856 | _uhttps://link.springer.com/openurl?genre=book&isbn=978-3-7091-1809-2 | ||
| 942 | _cEB | ||
| 999 |
_c284356 _d284356 |
||